Complexity : theory and applications
Αποθηκεύτηκε σε:
| Κύριος συγγραφέας: | |
|---|---|
| Μορφή: | Βιβλίο |
| Γλώσσα: | English |
| Δημοσίευση: |
Oxford :
Oxford University Press,
c2005
|
| Σειρά: | MIT-Pappalardo series in mechanical engineering
|
| Θέματα: | |
| Ετικέτες: |
Προσθήκη ετικέτας
Δεν υπάρχουν, Καταχωρήστε ετικέτα πρώτοι!
|
MARC
| LEADER | 00000nam a2200000 i 4500 | ||
|---|---|---|---|
| 001 | 1/73528 | ||
| 008 | 080206s2005 eng d | ||
| 020 | |a 978-0-19-517876-0 | ||
| 020 | |a 0-19-517876-9 | ||
| 035 | |l 10094406 | ||
| 040 | |a GR-MY-UA |b gre |e aacr | ||
| 041 | 0 | |a eng | |
| 082 | 0 | |a 620.0042 |2 (22) | |
| 100 | 1 | |a Suh, Nam P. |d 1936- | |
| 245 | 1 | 0 | |a Complexity : |b theory and applications / |c Nam P. Suh |
| 260 | |a Oxford : |b Oxford University Press, |c c2005 | ||
| 300 | |a x, 300 σ.; |b εικ.; |c 24 εκ. | ||
| 490 | 1 | |a MIT-Pappalardo series in mechanical engineering | |
| 504 | |a Περιλαμβάνει βιβλιογραφίες και ευρετήριο. | ||
| 650 | 0 | 0 | |a Industrial design |x Methodology. |
| 650 | 0 | 0 | |a Axiomatic set theory. |
| 650 | 0 | 0 | |a Computational complexity. |
| 830 | 0 | |a MIT-Pappalardo series in mechanical engineering | |
| 852 | |a INST |b SYROS |e 20080206 |h 620.0042 SUH |p 005500006588 |q 005500006588 |t BK |y 0 | ||
| 901 | |a BIBL5-2008-1 | ||
| 909 | |a Ε |b 133464 | ||
| 922 | |a 5ΕΛΗ |b 200709 |c ΒΙΒΛΙΟΘΗΚΗ ΣΥΡΟΥ |d GLORYBOOK | ||
| 970 | |a ΚΑΓΙΑΒΑ |b ΕΙΡΗΝΗ |z 2008/02/06 | ||